000 01442nam a2200361 a 4500
001 ebr10158328
003 CaPaEBR
006 m u
007 cr cn|||||||||
008 000921m20012004maua sb 001 0 eng
020 _z1568811306 (v. 1 : alk. paper)
020 _z156881142X (v. 2 : alk. paper)
020 _z1568811438 (v. 3 : alk. paper)
020 _z1568811446 (v. 4 : alk. paper)
040 _aCaPaEBR
_cCaPaEBR
035 _a(OCoLC)560267317
050 1 4 _aQA95
_b.B446 2001eb
082 0 4 _a793.7/4
_221
100 1 _aBerlekamp, Elwyn R.
245 1 0 _aWinning ways for your mathematical plays
_h[electronic resource] /
_cElwyn R. Berlekamp, John H. Conway, Richard K. Guy.
250 _a2nd ed.
260 _aNatick, Mass. :
_bA.K. Peters,
_cc2001-c2004.
300 _a4 v. (xix, 1004 p.) :
_bill. (some col.).
500 _aVol. 4 published in Wellesley, Mass.
504 _aIncludes bibliographical references and indexes.
533 _aElectronic reproduction.
_bPalo Alto, Calif. :
_cebrary,
_d2013.
_nAvailable via World Wide Web.
_nAccess may be limited to ebrary affiliated libraries.
650 0 _aMathematical recreations.
655 7 _aElectronic books.
_2local
700 1 _aConway, John Horton.
700 1 _aGuy, Richard K.
710 2 _aebrary, Inc.
856 4 0 _uhttp://site.ebrary.com/lib/rucke/Doc?id=10158328
_zAn electronic book accessible through the World Wide Web; click to view
999 _c134981
_d134981